Statistics for Top 20 Baseball Career Batting Averages - Current Players

Click here to take the quiz!

General Stats

  • This quiz has been taken 497 times
    (475 since last reset)
  • The average score is 6 of 20

Answer Stats

AveragePlayer% Correct
.3201Miguel Cabrera
81%
.3171Albert Pujols
74%
.2993Alex Rodriguez
56%
.3173Ichiro Suzuki
56%
.3186Joe Mauer
36%
.2993Dustin Pedroia
33%
.3103Joey Votto
33%
.2939Carlos Gonzalez
31%
.3065Ryan Braun
30%
.3000Hanley Ramirez
29%
.3096Robinson Cano
28%
.2982David Wright
27%
.3063Victor Martinez
27%
.2983Andrew McCutchen
24%
.3076Matt Holliday
16%
.2988Troy Tulowitzki
16%
.2928Jacoby Ellsbury
15%
.2942Pablo Sandoval
6%
.2949Billy Butler
3%
.2924Howie Kendrick
2%

Score Distribution

Percentile by Number Answered

Percent of People with Each Score

Your Score History

You have not taken this quiz since the last reset